ბათუმის შოთა რუსთაველის სახელმწიფო უნივერსიტეტის ბიბლიოთეკა

Handbook of learning disabilities / (ბიბ.ჩანაწერი № 57865)

000 -LEADER
fixed length control field 00911cam a2200241 a 4500
001 - CONTROL NUMBER
control field 17428371
005 - DATE AND TIME OF LATEST TRANSACTION
control field 20210319164616.0
008 - FIXED-LENGTH DATA ELEMENTS--GENERAL INFORMATION
fixed length control field 120813s2013 nyu b 001 0 eng
020 ## - INTERNATIONAL STANDARD BOOK NUMBER
International Standard Book Number 9781462508495 (hardback)
041 ## - LANGUAGE CODE
Language code of text/sound track or separate title eng
080 ## - UNIVERSAL DECIMAL CLASSIFICATION NUMBER
Universal Decimal Classification number 376.2 H-22
245 00 - TITLE STATEMENT
Title Handbook of learning disabilities /
Statement of responsibility, etc. edited by H. Lee Swanson, Karen R. Harris, Steve Graham.
250 ## - EDITION STATEMENT
Edition statement 2nd ed.
264 ## - PRODUCTION, PUBLICATION, DISTRIBUTION, MANUFACTURE, AND COPYRIGHT NOTICE
Place of production, publication, distribution, manufacture New York :
Name of producer, publisher, distributor, manufacturer The Guilford Press,
Date of production, publication, distribution, manufacture, or copyright notice 2013.
300 ## - PHYSICAL DESCRIPTION
Extent 716 p. ;
Dimensions 26 cm.
504 ## - BIBLIOGRAPHY, ETC. NOTE
Bibliography, etc. note bibliographical p. 675-678
653 ## - INDEX TERM--UNCONTROLLED
keyword უნარშეზღუდული ადამიანების სწავლა
653 ## - INDEX TERM--UNCONTROLLED
keyword პედაგოგიკა
700 1# - ADDED ENTRY--PERSONAL NAME
Personal name Swanson, H. Lee,
Dates associated with a name 1947-
Relator term რედაქტორი
9 (RLIN) 10580
700 1# - ADDED ENTRY--PERSONAL NAME
Personal name Harris, Karen R.
Relator term რედაქტორი
9 (RLIN) 10581
700 1# - ADDED ENTRY--PERSONAL NAME
Personal name Graham, Steve,
Dates associated with a name 1950-
Relator term რედაქტორი
9 (RLIN) 10582
942 ## - ADDED ENTRY ELEMENTS (KOHA)
Source of classification or shelving scheme
Koha item type წიგნი
ეგზემპლარები
Withdrawn status Lost status Source of classification or shelving scheme Damaged status Not for loan Permanent Location Current Location Shelving location Date acquired Cost, normal purchase price Full call number Barcode Date last seen Copy number Price effective from Koha item type Public note
          ბათუმის შოთა რუსთაველის სახელმწიფო უნივერსიტეტის მთავარი ბიბლიოთეკა ბათუმის შოთა რუსთაველის სახელმწიფო უნივერსიტეტის მთავარი ბიბლიოთეკა წიგნსაცავი 2021-03-19 190.00 376.2 H-22 61250 2021-03-19 61250 2021-03-19 წიგნი 190 ლ.